College Quizbowl Stats
College Quizbowl Stats
Circuits
Seasons
Sets
Records
Detailed Stats
About
Loading...
2025 ACF Nationals
Tossups
Bonuses
Players
Teams
Categories (Tossup)
Categories (Bonus)
Brian Lai
Virginia A
Categories
Category
Powers
Gets
Negs
BBs
Points
Earliest Buzz
Avg. Buzz
First Buzzes
Top 3 Buzzes
Science - Other Science
0
4
1
2
35
74
112.00
0
0
Science - Biology
0
1
0
1
10
138
138.00
0
0
Geography
0
0
1
0
-5
0.00
0
0
Science - Physics
0
0
1
0
-5
0.00
0
0
Buzzes
Category
Answer
Value
Buzz Position
Science - Other Science
Google LLC
10
74
Geography
Húběi province
-5
100
Science - Physics
solenoids
-5
114
Science - Other Science
video games
10
115
Science - Other Science
algebraic
-5
127
Science - Other Science
antenna arrays
10
128
Science - Other Science
sparse
10
131
Science - Biology
cell lysis
10
138
Science - Other Science
fixed points
0
142
Previous
1
Next